Detalles MARC
| 000 -LIDER |
| fixed length control field |
01930nam a22004217a 4500 |
| 001 - NÚMERO DE CONTROL |
| Identificador de número de control |
000010124 |
| 003 - IDENTIFICACDOR DE NÚMERO DE CONTROL |
| control field |
DO-SdBNP |
| 005 - DATE AND TIME OF LATEST TRANSACTION |
| control field |
20180313144102.0 |
| 007 - CAMPOS FIJOS DE DESCRIPCIÓN FÍSICA |
| fixed length control field |
000010124 |
| 008 - ELEMENTOS DE LONGITUD FIJA |
| fixed length control field |
160509b 2004 dr a ||||| |||| 00| 0 spa d |
| 020 ## - ISBN |
| International Standard Book Number |
8482623871 |
| 040 ## - FUENTE DE CATALOGACIÓN |
| Agencia que crea de manera original el registro |
BPMSU |
| Idioma de catalogación |
spa |
| Agencia que realiza la transcripción |
BPMSU |
| 092 ## - LOCALLY ASSIGNED DEWEY DECIMAL CALL NUMBER |
| Número de clasificación |
373.54 |
| Número de ítem (Cutter) |
B218q 3ro. 2001 |
| 100 1# - ASIENTO PRINCIPAL -- NOMBRE PERSONAL |
| Nombre personal |
Banks, Moisés |
| 245 10 - MENCIÓN DE TITULO |
| Título |
Química 2 ; tercero de bachillerato : |
| Subtítulo |
[educación media] / |
| Mención de responsabilidad |
Moisés Banks ... [et al.] ; dirección editorial Obdulia García de Escobar; editora Claudia Llibre; ilustración Ruddy Núñez. |
| 260 ## - PUBLICACIÓN, DISTRIBUCIÓN, ETC. (PIE DE IMPRENTA) |
| Lugar de publicación, distribución, etc |
Santo Domingo : |
| Nombre del editor, distribuidor, etc. |
Santillana, |
| Fecha de publicación, distribución, etc |
2001. |
| 300 ## - DESCRIPCIÓN FÍSICA |
| Extensión |
xvi, 167 p. : |
| Otros detalles físicos |
il. ; |
| Dimensiones |
28 cm. |
| 490 1# - MENCIÓN DE SERIES |
| Mención de serie |
Umbral |
| 500 ## - NOTA GENERAL |
| Nota general |
Edición anotada para el profesor |
| 500 ## - NOTA GENERAL |
| Nota general |
Tercero de bachillerato 1er. curso/ Segundo ciclo. |
| 500 ## - NOTA GENERAL |
| Nota general |
Primer curso del segundo ciclo de educación media. |
| 500 ## - NOTA GENERAL |
| Nota general |
Tercero de bachillerato primer curso del primer segundo ciclo. |
| 500 ## - NOTA GENERAL |
| Nota general |
Edición anotada para el profesor |
| 505 ## - NOTA DE CONTENIDO |
| Información miscelánea |
Unidad 1 |
| Título |
Los constituyentes basicos para la vida: Hidrógeno, oxígeno y agua -- |
| -- |
El hidrógeno-- |
| Información miscelánea |
Unidad 2 |
| Título |
Oxígeno -- |
| Información miscelánea |
Unidad 3 |
| Título |
El agua -- |
| Información miscelánea |
Unidad 4 |
| Título |
Los elementos del bloque S -- |
| Información miscelánea |
Unidad 5 |
| Título |
Los elementos del bloque P -- |
| Información miscelánea |
Unidad 6 |
| Título |
Los elementos del bloque D -- |
| -- |
Recursos para el trabajo científico -- |
| Información miscelánea |
Unidad 7 |
| Título |
Los elementos del bloque F. |
| 650 #4 - ENCABEZAMIENTO DE MATERIA--TEMÁTICO |
| Término temático o nombre geográfico como elemento de entrada |
QUÍMICA |
| Subdivisión temática general |
ENSEÑANZA SECUNDARIA |
| 650 #4 - ENCABEZAMIENTO DE MATERIA--TEMÁTICO |
| Término temático o nombre geográfico como elemento de entrada |
QUÍMICA |
| Subdivisión temática general |
EDUCACIÓN SECUNDARIA |
| 650 #4 - ENCABEZAMIENTO DE MATERIA--TEMÁTICO |
| Término temático o nombre geográfico como elemento de entrada |
QUÍMICA |
| Subdivisión temática general |
ESTUDIOS EJERCICIOS |
| 650 #4 - ENCABEZAMIENTO DE MATERIA--TEMÁTICO |
| Término temático o nombre geográfico como elemento de entrada |
QUÍMICA |
| Subdivisión temática general |
LIBROS DE TEXTOS |
| 650 #4 - ENCABEZAMIENTO DE MATERIA--TEMÁTICO |
| Término temático o nombre geográfico como elemento de entrada |
EDUCACIÓN SECUNDARIA |
| Subdivisión geográfica |
REPÚBLICA DOMINICANA |
| 700 12 - ASIENTO SECUNDARIO -- NOMBRE PERSONAL |
| Nombre personal |
García de Escobar, Obdulia, |
| Mención de responsabilidad |
ed. |
| 700 12 - ASIENTO SECUNDARIO -- NOMBRE PERSONAL |
| Nombre personal |
Llibre de Vargas, Claudia, |
| Mención de responsabilidad |
ed. |
| 700 12 - ASIENTO SECUNDARIO -- NOMBRE PERSONAL |
| Nombre personal |
Núñez, Ruddy, |
| Mención de responsabilidad |
il. |
| 830 #0 - ASIENTO SECUNDARIO DE SERIE--TÍTULO UNIFORME |
| Título uniforme |
Umbral |
| 910 ## - VALIDACIÓN |
| Validación |
Validado. Control de calidad MFF |
| 942 ## - ADDED ENTRY ELEMENTS (KOHA) |
| Source of classification or shelving scheme |
Dewey Decimal Classification |
| Koha item type |
Libros |
| 945 ## - INFORMACIÓN DE PROCESAMIENTO LOCAL |
| Información de procesamiento local |
inventariado, 2018 / DG |
| 956 ## - LOCAL ELECTRONIC LOCATION AND ACCESS (OCLC) |
| Nombre de host |
LOPEREZ |
| Número de acceso |
10 |
| Información de compresión |
20160905 |
| Procesador de solicitud |
BPMSU |